Statistiques concernant Culture Générale - Série 1462

Cliquez ici pour prendre le quiz!

Statistiques générales

  • Ce quiz a été pris 62 fois
  • Le résultat moyen est 6 sur 10

Statistiques - réponses

QuestionRéponse% Correct
Quand tout fonctionne bien, on dit que "tout marche comme sur des...roulettes
100%
De quel président des États-Unis Jacqueline Lee Bouvier a-t-elle été l'épouse ?John Fitzgerald Kennedy
96%
En 1988, dans son album "Ainsi soit je...", Mylène Farmer déclare : "Sans contrefaçon, je suis un...garçon
91%
Quelle ville sainte du Proche-Orient abrite le Dôme du Rocher ?Jérusalem
79%
Quelle chanteuse a rencontré un succès international avec le titre "Voyage voyage" dans les années 80 ?Desireless
67%
Complétez la devise de l'Ordre de la Jarretière : "Honni soit...qui mal y pense
63%
Quel État fait figurer un arbre sur ses pièces de un et deux euros ?France
53%
Quel nom fut donné aux troupes allemandes envoyées en Libye en 1941, sous le commandement de Rommel ?Afrikakorps
18%
Le récipient contenant l'huile utilisée pour l'onction des rois de France le jour de leur sacre, était appelé la "sainte...ampoule
14%
Au golf, comment appelle-t-on l'ensemble des règles qui constitue le code de bonne conduite du joueur ?étiquette
5%

Distribution des résultats

Percentile par nombre de réponses

% des personnes avec chaque résultat

Votre développement - résultats

Vous n’avez pas pris ce quiz